There are a lot of Cities in the world.How many can You name - Statistics

General Stats
  • This quiz has been taken 69 times
  • The average score is 9 of 15
Answer Stats
Hint Answer % Correct
Empire State building is located here New York
97%
Former Capital of USA New York
97%
Has the Kremlin Moscow
96%
Capital of world's largest country Moscow
96%
Canada's Capital Ottawa
93%
Colosseum is situated here Rome
91%
Capital of Argentina Buenos Aires
85%
Capital of Andorra Andorra La Vella
78%
Famous for FIFA 2022 Doha
58%
Famous city of Ceylon Colombo
57%
Headquarters of International Court of Justice The Hague
42%
Capital of Goa Panaji
9%
It has Meenakshi Temple Madurai
7%
The city between India And Sri Lanka Rameswaram
3%
Mahatma Gandhi was born here Porbundar
0%
No matching quizzes found
Score Distribution
Percent of People with Each Score
Percentile by Number Answered
Your Score History
You have not taken this quiz